000 00747nam a2200265Ia 4500
003 OSt
005 20220925223320.0
006 a|||||r|||| 00| 0
007 ta
008 220923b |||||||| |||| 00| 0 eng d
020 _a0415162742
037 _cGeneral Book
040 _aRTL
_cRTL
_beng
041 _2eng
_aeng
082 _aY:(C86), N8
100 _aAdam Barbara
245 0 _aTimescapes of modernity
_b Environment and invisiblE hazards
260 _aLondon
_bRoutledge
_c1998
300 _aviii,247p.
_ccm.
490 _aGlobal Environmental Change Series
500 _aBibiliography: P 231-37
650 _aSociometry
942 _hY:(C86), N8
_cGB
_2CC
999 _c579245
_d579245